Quick Pick: Dickens or Not? Quiz Stats

 Plays Quiz Updated Sep 22, 2017

Challenge
Share
Tweet
Embed
Score 0/7 Timer 01:00
1 Play Today
% Correct
The Old Curiosity Shop
88.8%
The Life and Adventures of Martin Chuzzlewit
87.4%
Hard Times
81.9%
Little Dorrit
78.9%
Barnaby Rudge
75.1%
Our Mutual Friend
70.1%
Dombey and Son
67.1%

Today's Daily Dose

Missing Word
Entertainment 'M'

Word Ladder
North Carolina

On This Day
January 16th II

You're not logged in!

Compare scores with friends on all Sporcle quizzes.
OR
Log In

You Might Also Like...

Show Comments

Extras

Top Quizzes Today


Score Distribution

Your Account Isn't Verified!

In order to create a playlist on Sporcle, you need to verify the email address you used during registration. Go to your Sporcle Settings to finish the process.

Report this User

Report this user for behavior that violates our Community Guidelines.

Details: